000 01027nam a2200253 a 4500
001 BRCA_1610
005 20190320203459.0
008 040420s2004 mx-a---###---#000-0#spa-#
020 _a0972216448
040 _aDLC
_cDLC
050 4 _aN6447
_b.C65 2004
245 1 0 _aLa colección Gelman
_bselecciones : la colección de Arte Mexicano Moderno y Contemporáneo de Jacques y Natasha Gelman
_censayos Hayden Herrera, Pierre Schneider, Raquel Tibol ; introducción Robert R. Littman.
260 _aMéxico
_bMuros : Fundación Vergel
_c2004
300 _a136 p.
_bil. (algunas a color)
_c33 cm.
500 _aIncluye índice alfabético
500 _a2do. ejemplar en el Área de Investigación
546 _aTexto en: español e inglés
650 1 4 _aArte mexicano
_vColecciones particulares
_xColeccionistas y colecciones
_95062
650 1 4 _aArte mexicano
_ySiglo XX
_94500
650 1 4 _aArte
_vBiografías
_ySiglo XX
_zMéxico
_95063
700 1 _aHerrera, Hayden
_95064
700 1 _aLittman, Robert R
_95065
942 _2lcc
_cB
999 _c1421
_d1421